000 00296nam a2200133 i 4500
001 bg
100 1 _aWÓJCIK, Teresa
245 0 _aJęzyk rosyjski /
_cT. Wójcik.
260 _aCzęstochowa,
_c1985.
040 _cBPK
041 _apol
942 _cKS
008 s pl f |000 0 pol
999 _c3171
_d3171
856 _uhttp://koha.tu.koszalin.pl/cgi-bin/koha/opac-detail.pl?biblionumber=3171
_yKatalog online BPK